000 00284nam a22001337a 4500
008 170621b xxu||||| |||| 00| 0 eng d
020 _a9780275951337
041 _aeng
080 _a32
100 _a20
101 _aSHP
245 _aTHE WATCHING EYE
_cTHALER, P
942 _2udc
_cBK
999 _c18504
_d18504